Word Scramble - Countries #3 - Statistics

General Stats
  • This quiz has been taken 435 times
    353 since last reset
  • The average score is 14 of 15
Answer Stats
Scramble Country % Correct
hadc Chad
99%
pajan Japan
99%
ivenatm Vietnam
98%
imzbbaew Zimbabwe
98%
aaacdn Canada
96%
hican China
95%
kipatsan Pakistan
95%
laamayis Malaysia
94%
pppilhiinse Philippines
93%
obstaawn Botswana
91%
ssruai Russia
91%
aaglier Algeria
88%
iianger Nigeria
88%
ngalao Angola
87%
yamnamr (umbra) Myanmar (Burma)
70%
No matching quizzes found
Score Distribution
Percent of People with Each Score
Percentile by Number Answered
Your Score History
You have not taken this quiz since the last reset